[Event "AUTO-INT-3244"]
[Site "http://www.queenalice.com/game.php?id=1476228"]
[Date "2017.5.1"]
[Round "1"]
[White "italomachado"]
[Black "fario"]
[Result "0-1"]
[WhiteElo "1590"]
[BlackElo "1501"]

1. e4 c5 2. d4 cxd4 3. Qxd4 Nc6 4. Qc4 e6 5. h4 d5 6. exd5 exd5 7. Qe2+ Be7 8.
Bg5 h6 9. Nc3 hxg5 10. h5 d4 11. O-O-O Nf6 12. f3 Rxh5 13. Rxh5 Nxh5 14. Ne4 f5
15. Nc5 Ng3 16. Qe1 Nxf1 17. Qxf1 Bxc5 18. c3 Be6 19. Qe1 Kf7 20. Nh3 Bxa2 21.
Qh1 Bb3 22. Re1 dxc3 23. bxc3 Ba3+ 24. Kb1 Qd3+ 25. Ka1 Qxc3+ 26. Kb1 Qb2# 0-1

[Event "AUTO-INT-3244"]
[Site "http://www.queenalice.com/game.php?id=1476229"]
[Date "2017.5.1"]
[Round "1"]
[White "fario"]
[Black "Alex_ac"]
[Result "1-0"]
[WhiteElo "1443"]
[BlackElo "1501"]

1. e4 e5 2. Nf3 Nf6 3. Nc3 d6 4. d4 exd4 5. Nxd4 c5 6. Bb5+ Bd7 7. Nf5 a6 8.
Bxd7+ Nbxd7 9. Nxd6+ Bxd6 10. Qxd6 Qe7 11. Qxe7+ Kxe7 12. Bg5 Rhe8 13. O-O-O Kf8
14. f4 Rad8 15. Rd3 Nb6 16. Rh3 h6 17. Bxf6 gxf6 18. Rxh6 Nc4 19. Rxf6 Rd2 20.
b3 Rxc2+ 21. Kxc2 Ne3+ 22. Kd2 Nxg2 23. Rg1 Rd8+ 24. Ke2 Nxf4+ 25. Rxf4 b5 26.
Rd1 Re8 27. Rd7 b4 28. Rdxf7+ Kg8 29. Nd5 1-0

[Event "AUTO-INT-3244"]
[Site "http://www.queenalice.com/game.php?id=1476230"]
[Date "2017.5.1"]
[Round "1"]
[White "Alex_ac"]
[Black "fario"]
[Result "0-1"]
[WhiteElo "1501"]
[BlackElo "1484"]

1. Nf3 d5 2. g3 Bg4 3. Nd4 e5 4. Nb3 c5 5. d3 Nc6 6. Bg2 Nf6 7. O-O h6 8. h3 Be6
9. c3 Qd7 10. e3 Bxh3 11. f4 h5 12. Rf2 h4 13. Qf3 Bg4 14. Bh3 hxg3 15. Bxg4
gxf2+ 16. Kxf2 Qxg4 17. fxe5 Qxf3+ 18. Kxf3 Nxe5+ 19. Ke2 Nfg4 20. d4 Rh2+ 21.
Kd1 Nd3 22. Nxc5 Bxc5 23. dxc5 Nxb2+ 24. Bxb2 Nxe3+ 0-1

[Event "Let's Play Chess!"]
[Site "http://www.queenalice.com/game.php?id=1478297"]
[Date "2017.5.16"]
[Round "-"]
[White "fario"]
[Black "fontaine"]
[Result "0-1"]
[WhiteElo "1670"]
[BlackElo "2676"]

1. d4 d5 2. c4 c6 3. Nc3 Nf6 4. cxd5 cxd5 5. Bf4 Nc6 6. e3 a6 7. Bd3 Bg4 8. Qb3
Na5 9. Qa4+ b5 10. Qc2 Rc8 11. f3 Bd7 12. a3 e6 13. Nh3 Be7 14. O-O Nh5 15. Be5
Nc4 16. Rfe1 f6 17. Bf4 Qa5 18. Bxh7 Kf8 19. Rec1 Nxb2 20. Qxb2 Rxh7 21. Ne2 Rc4
22. e4 Nxf4 23. Nhxf4 Rxc1+ 24. Qxc1 dxe4 25. Qc2 Rh6 26. Qxe4 f5 27. Qb7 Be8
28. Qc8 Qb6 29. Nd3 Bf6 30. Rd1 Bxd4+ 31. Nxd4 Qxd4+ 32. Nf2 Qe3 0-1

[Event "OS INCLIVEIS"]
[Site "http://www.queenalice.com/game.php?id=1478955"]
[Date "2017.5.20"]
[Round "-"]
[White "adelio"]
[Black "fario"]
[Result "0-1"]
[WhiteElo "1633"]
[BlackElo "1612"]

1. d4 d5 2. e4 dxe4 3. Nc3 Nf6 4. f3 exf3 5. Nxf3 e6 6. a3 Nbd7 7. Bd3 Bd6 8.
Be3 e5 9. Ng5 exd4 10. Nxf7 Kxf7 11. Bxd4 Re8+ 12. Ne2 c5 13. Bc3 Qc7 14. g3 c4
15. Bf5 Bxg3+ 16. Kf1 Bxh2 17. Bxd7 Bxd7 18. Bxf6 Bh3+ 19. Kf2 Rxe2+ 20. Qxe2
Qf4+ 21. Qf3 Bg3+ 22. Ke2 Re8+ 23. Be5 Rxe5+ 24. Qe3 Qxe3+ 25. Kd1 Rd5# 0-1

[Event "AUTO-OPEN-3804"]
[Site "http://www.queenalice.com/game.php?id=1478970"]
[Date "2017.5.20"]
[Round "1"]
[White "fario"]
[Black "The_Clown"]
[Result "1-0"]
[WhiteElo "1589"]
[BlackElo "1776"]

1. d4 d5 2. Nf3 Nf6 3. c4 c6 4. Nc3 e6 5. e3 Bb4 6. Bd3 Ne4 7. O-O Bxc3 8. bxc3
Nxc3 9. Qb3 Ne4 10. Ba3 e5 11. cxd5 cxd5 12. Bxe4 dxe4 13. Nxe5 Qf6 14. Nc4 Kd8
15. Nd6 Rf8 16. Nxc8 Kxc8 17. Bxf8 Nc6 18. Rfc1 Kd7 19. Qxb7+ 1-0

[Event "AUTO-OPEN-3804"]
[Site "http://www.queenalice.com/game.php?id=1478971"]
[Date "2017.5.20"]
[Round "1"]
[White "The_Clown"]
[Black "fario"]
[Result "0-1"]
[WhiteElo "1747"]
[BlackElo "1650"]

1. e4 c5 2. Bc4 Nf6 3. e5 d5 4. exf6 dxc4 5. fxg7 Bxg7 6. c3 Qd5 7. Nf3 Nc6 8.
b3 cxb3 9. axb3 Bg4 10. c4 Qe4+ 11. Qe2 Qxe2+ 12. Kxe2 Bxa1 13. Nc3 O-O-O 14.
Ba3 Nd4+ 15. Kd3 Nxf3+ 16. Ke3 Bxc3 17. gxf3 Bd4+ 18. Ke2 Be6 19. Rg1 Rhg8 20.
Re1 Rg2 21. Rf1 Rdg8 22. b4 b6 23. b5 Bxc4+ 24. d3 Bxb5 25. Bc1 Rxh2 26. Be3
Bxe3 27. Kxe3 Rd8 28. Rd1 h5 29. Re1 Rxd3+ 30. Kf4 Rxf2 31. Rxe7 Rdxf3+ 32. Kg5
Rg2+ 33. Kh6 Rf6+ 34. Kh7 Bd3+ 0-1

[Event "AUTO-OPEN-3804"]
[Site "http://www.queenalice.com/game.php?id=1478972"]
[Date "2017.5.20"]
[Round "1"]
[White "fario"]
[Black "Suso71"]
[Result "0-1"]
[WhiteElo "1749"]
[BlackElo "2848"]

1. d4 Nf6 2. c4 g6 3. Nc3 d5 4. Nf3 Bg7 5. cxd5 Nxd5 6. e4 Nxc3 7. bxc3 c5 8.
Bb5+ Nc6 9. d5 a6 10. Be2 Bxc3+ 11. Bd2 Bxa1 12. Qxa1 Nd4 13. Nxd4 cxd4 14. Qxd4
O-O 15. h4 f6 16. h5 g5 17. O-O e5 18. Qe3 h6 19. a4 b6 20. Rb1 b5 21. Bb4 Rf7
22. a5 Rb8 23. Bd1 Kh7 24. Be2 Kg7 25. Ra1 Bd7 26. Rc1 Rc8 27. Ra1 Qc7 28. g4
Qc2 29. Bd3 Qb3 30. Rb1 Qa2 31. f3 Be8 32. Qe2 Qxe2 33. Bxe2 Rfc7 34. Kf2 Rc1
35. Rb2 R8c2 36. Rxc2 Rxc2 37. Ke1 Rb2 38. Bc3 Rb3 39. Bd2 Rb1+ 40. Kf2 b4 41.
Bxa6 b3 42. Bd3 Ra1 43. Bc3 b2 44. Bxb2 Ra2 45. Kg3 Rxb2 46. a6 Kf8 47. Bc4 Rb4
48. Bd3 Rb2 49. Bc4 Rb1 50. Bd3 Ra1 51. Kf2 Ke7 52. Ke3 Kd6 0-1

[Event "AUTO-OPEN-3804"]
[Site "http://www.queenalice.com/game.php?id=1478973"]
[Date "2017.5.20"]
[Round "1"]
[White "Suso71"]
[Black "fario"]
[Result "1-0"]
[WhiteElo "2849"]
[BlackElo "1747"]

1. e4 c5 2. Nf3 Nc6 3. d4 cxd4 4. Nxd4 Nf6 5. Nc3 e6 6. Ndb5 Bb4 7. a3 Bxc3+ 8.
Nxc3 d5 9. exd5 exd5 10. Bd3 O-O 11. O-O Bg4 12. f3 Be6 13. Bg5 Qb6+ 14. Kh1 Nd7
15. f4 f5 16. Qf3 Nc5 17. Nxd5 Qxb2 18. Rab1 Qd4 19. Nc7 Rab8 20. Nxe6 Nxe6 21.
Bh4 Kh8 22. Rb5 Qa4 23. Qe3 Ned4 24. Rd5 Nxc2 25. Qc5 N2d4 26. g4 Nb3 27. Qf2
Rbe8 28. Qg2 fxg4 29. f5 Rf7 30. Bb5 Qxa3 31. f6 g6 32. Qg3 Qb4 33. Rf4 Qa3 34.
Rd1 Rd8 35. Rxd8+ Nxd8 36. Re4 Rf8 37. Qc7 Qc1+ 38. Qxc1 Nxc1 39. Bg5 1-0

[Event "AUTO-OPEN-3804"]
[Site "http://www.queenalice.com/game.php?id=1478974"]
[Date "2017.5.20"]
[Round "1"]
[White "fario"]
[Black "radusweski"]
[Result "1-0"]
[WhiteElo "1629"]
[BlackElo "1744"]

1. d4 c5 2. d5 Nf6 3. Nc3 Qa5 4. Bd2 d6 5. e4 b6 6. Nb5 Bg4 7. f3 Qa4 8. Qc1 c4
9. Nc7+ Kd7 10. Nxa8 Bh5 11. b3 Qa6 12. Bxc4 Qb7 13. Nxb6+ Qxb6 14. Qa3 g6 15.
Ba5 Qd4 16. Qa4+ Kc8 17. Ba6+ Nxa6 18. Qxd4 1-0

[Event "AUTO-OPEN-3804"]
[Site "http://www.queenalice.com/game.php?id=1478975"]
[Date "2017.5.20"]
[Round "1"]
[White "radusweski"]
[Black "fario"]
[Result "0-1"]
[WhiteElo "1725"]
[BlackElo "1670"]

1. d4 d5 2. c4 e6 3. Nc3 Nf6 4. Nf3 Bb4 5. Qb3 c5 6. a3 Bxc3+ 7. Qxc3 Ne4 8. Qd3
cxd4 9. Qxd4 O-O 10. Nd2 Nc6 11. Qd3 Ne5 12. Qd4 Nxd2 13. Bxd2 Nxc4 14. Bc3 e5
15. Qc5 b6 16. Qc6 Be6 17. e3 Rc8 18. Qb7 Nxe3 19. fxe3 Qh4+ 20. g3 Qe4 21. Bg2
Qxg2 22. O-O-O Bf5 23. e4 Bxe4 24. Rd2 Qxh1+ 25. Rd1 Qg2 26. Rd2 Qf1+ 27. Rd1
Qe2 28. Rd2 Qe1+ 29. Rd1 Rxc3+ 30. bxc3 Qxc3# 0-1

[Event "AUTO-INT-3243"]
[Site "http://www.queenalice.com/game.php?id=1492366"]
[Date "2017.8.30"]
[Round "2"]
[White "carpielo"]
[Black "fario"]
[Result "1-0"]
[WhiteElo "1561"]
[BlackElo "1745"]

1. e4 e6 2. e5 d6 3. d4 dxe5 4. Be3 exd4 5. Bxd4 c5 6. Be5 Qxd1+ 7. Kxd1 Nc6 8.
Bc3 Bd7 9. Nd2 Nf6 10. Bd3 Nd5 11. Ngf3 f6 12. Be4 O-O-O 13. Bxd5 exd5 14. b3
Bd6 15. Kc1 Rde8 16. Kb2 d4 17. Nc4 Bc7 18. Bd2 Re2 19. Rhf1 b5 20. Na3 Nb4 21.
Bxb4 cxb4 22. Nxd4 bxa3+ 23. Kxa3 Rd2 24. Rad1 Rxd1 25. Rxd1 Bxh2 26. g3 a5 27.
Rh1 Bxg3 28. fxg3 Kc7 29. c3 Kb6 30. Rd1 h5 31. Kb2 g5 32. Nc2 1-0

[Event "AUTO-INT-3243"]
[Site "http://www.queenalice.com/game.php?id=1492367"]
[Date "2017.8.30"]
[Round "2"]
[White "fario"]
[Black "carpielo"]
[Result "1-0"]
[WhiteElo "1709"]
[BlackElo "1562"]

1. d4 d5 2. c4 Nf6 3. cxd5 Qxd5 4. Nf3 e6 5. Nc3 Bb4 6. e3 Bxc3+ 7. bxc3 O-O 8.
Ba3 Rd8 9. Be7 Re8 10. Bxf6 gxf6 11. Bd3 b5 12. Nd2 Qxg2 13. Be4 1-0

[Event "AUTO-INT-3243"]
[Site "http://www.queenalice.com/game.php?id=1492370"]
[Date "2017.8.30"]
[Round "2"]
[White "krystian"]
[Black "fario"]
[Result "1-0"]
[WhiteElo "1562"]
[BlackElo "1773"]

1. c4 e5 2. Nc3 Nf6 3. d3 Bb4 4. Bd2 Nc6 5. Nf3 O-O 6. a3 Bxc3 7. Bxc3 e4 8. Nd4
exd3 9. Qxd3 Ne5 10. Qc2 Nxc4 11. e4 Ne5 12. h3 d6 13. Be2 c5 14. Nf3 Nxf3+ 15.
Bxf3 Re8 16. O-O Qe7 17. Rfe1 Nd7 18. Rad1 1-0

[Event "AUTO-INT-3243"]
[Site "http://www.queenalice.com/game.php?id=1492371"]
[Date "2017.8.30"]
[Round "2"]
[White "fario"]
[Black "krystian"]
[Result "0-1"]
[WhiteElo "1722"]
[BlackElo "1586"]

1. d4 d5 2. c4 c6 3. Nc3 dxc4 4. e3 b5 5. Nf3 Bg4 6. Be2 Nf6 7. h3 Bd7 8. Ne5 e6
9. O-O Bd6 10. e4 Bxe5 11. dxe5 Ng8 12. Bf4 Ne7 13. Qd4 Na6 14. Rfd1 Nb4 15. Rd2
a5 16. Rad1 O-O 17. Qxd7 Qe8 18. Qxe8 Rfxe8 0-1

[Event "AUTO-INT-3243"]
[Site "http://www.queenalice.com/game.php?id=1492374"]
[Date "2017.8.30"]
[Round "2"]
[White "fario"]
[Black "ismaelfln"]
[Result "0-1"]
[WhiteElo "1685"]
[BlackElo "1714"]

1. d4 d5 2. c4 dxc4 3. e3 b5 4. a4 Ba6 5. Qf3 Nd7 6. axb5 Bxb5 7. Na3 c6 8. Bxc4
Bxc4 9. Nxc4 c5 10. dxc5 Nxc5 11. Qc6+ Nd7 12. Nb6 Rb8 13. Nxd7 Qxd7 14. Qxd7+
Kxd7 15. Rxa7+ Ke6 16. Ne2 Nf6 17. O-O Nd5 18. e4 Nb4 19. Rd1 f6 20. Bf4 Re8 21.
Nd4+ Kf7 0-1

[Event "AUTO-INT-3243"]
[Site "http://www.queenalice.com/game.php?id=1492375"]
[Date "2017.8.30"]
[Round "2"]
[White "ismaelfln"]
[Black "fario"]
[Result "1-0"]
[WhiteElo "1698"]
[BlackElo "1701"]

1. e4 e6 2. e5 d6 3. exd6 cxd6 4. Nf3 Nc6 5. Bb5 a6 6. Bxc6+ bxc6 7. O-O Nf6 8.
d4 Bb7 9. Bg5 Be7 10. Bxf6 Bxf6 11. c3 O-O 12. b4 a5 13. bxa5 Ba6 14. Re1 Qxa5
15. h3 Bc4 16. a4 Bb5 17. g4 Bxa4 18. Rxa4 Qxa4 19. Qxa4 Rxa4 20. g5 Be7 21. h4
Rfa8 22. Nfd2 Ra2 23. c4 1-0

[Event "AUTO-OPEN-3783"]
[Site "http://www.queenalice.com/game.php?id=1501121"]
[Date "2017.10.30"]
[Round "2"]
[White "fario"]
[Black "Aspayne"]
[Result "1-0"]
[WhiteElo "1719"]
[BlackElo "2016"]

1. d4 Nf6 2. c4 e5 3. dxe5 Ng4 4. Qd4 d6 5. exd6 Bxd6 6. Qe4+ Be6 7. Qxb7 Nd7 8.
h3 Nc5 9. Qc6+ Bd7 10. Qf3 Ne5 11. Qe3 O-O 12. b4 Re8 13. bxc5 Bxc5 14. Qd2 Nxc4
15. Qf4 Bb5 16. Nc3 Bb4 17. Bd2 Nxd2 18. Qxb4 Ba6 19. Rd1 1-0

[Event "AUTO-OPEN-3783"]
[Site "http://www.queenalice.com/game.php?id=1501122"]
[Date "2017.10.30"]
[Round "2"]
[White "Aspayne"]
[Black "fario"]
[Result "0-1"]
[WhiteElo "1997"]
[BlackElo "1747"]

1. e4 c5 2. Nc3 Nc6 3. g3 e6 4. Bg2 Nf6 5. Nge2 d5 6. exd5 Nxd5 7. O-O Be7 8. d3
O-O 9. Ne4 e5 10. f4 f5 11. N4c3 Be6 12. Nxd5 Bxd5 13. fxe5 Bxg2 14. Kxg2 Qd5+
15. Kh3 g5 16. g4 fxg4+ 0-1